000 00564nam a22002177a 4500
003 OSt
005 20140311163201.0
008 121109t xxu||||| |||| 00| 0 eng d
020 _a9780439183062
050 _aPZ 7
_b.C797 2003
100 _aCorey, Shana
_924237
245 _aPlayers in pigtails /
_cShana Corey ; illlustrated by Rebecca Gibbon.
260 _aNew York :
_bScholastic Inc.,
_c2003
300 _bill. col. ;
_c27 cm.
521 _aG2
526 _c350
650 _aFiction
_9746
942 _2lcc
_cBK
999 _c42502
_d42502